000 00438nab a2200145Ia 4500
003 ES-SlBCS
005 20210601142037.0
008 140529s1976 xxu||||| |||| 00| 0 spa d
041 _aspa
100 1 _aGonzález-Caminero, Nemesio
_928050
245 0 0 _aSciacca filósofo y siciliano
_c Nemesio González-Caminero
600 1 4 _aSciacca
_9141515
773 0 _tGiornali di Metafisica
_gvol. 31, 1976, págs. 557-570
_w0017-0372
942 _cAR
999 _c670634
_d670634